[Event "Scarborough CC-ch Reserves"]
[Site "Toronto"]
[Date "2012.05.03"]
[Round "7"]
[White "Marcelino, Daryl"]
[Black "Karpik, Steve"]
[Result "0-1"]
[WhiteElo "991"]
[BlackElo "1447"]
[PlyCount "94"]
[EventDate "2012.03.22"]
[EventType "swiss"]
[EventRounds "9"]
[EventCountry "CAN"]
[SourceTitle "EXT 2022"]
[Source "ChessBase"]
[SourceDate "2021.10.06"]
[SourceVersion "1"]
[SourceVersionDate "2021.10.06"]
[SourceQuality "1"]

1. e4 d6 2. d4 Nf6 3. Nc3 g6 4. Bd3 Bg7 5. Nge2 0-0 6. 0-0 a6 7. Ng3 Nc6 8. d5 Ne5 9. h3 c5 10. b3 b5 11. f4 Nxd3 12. cxd3 b4 13. Nce2 Nxd5 14. Rb1 Nc3 15. Nxc3 Bxc3 16. Bb2 Bxb2 17. Rxb2 Qb6 18. Kh1 Bb7 19. Qg4 Bc8 20. f5 e5 21. Qg5 f6 22. Qh6 g5 23. Nh5 Rf7 24. Nxf6+ Kh8 25. Qxg5 Qd8 26. Qg4 Qxf6 27. Rbf2 Rg7 28. Qh5 Bd7 29. Qf3 Rag8 30. Rg1 Qh4 31. Kh2 Rg3 32. Qe2 Be8 33. Qd2 Rxd3 34. Qxd3 Qxf2 35. Qxd6 Qg3+ 36. Kh1 Bb5 37. Qf6+ Qg7 38. Qxg7+ Rxg7 39. g4 Bd3 40. Re1 Rd7 41. Kh2 Rd4 42. f6 Rxe4 43. f7 Kg7 44. f8Q+ Kxf8 45. Rxe4 Bxe4 46. Kg3 Bb1 47. Kf2 Bxa2 0-1

[Event "Scarborough CC-ch Reserves U1400"]
[Site "Toronto"]
[Date "2012.04.19"]
[Round "4"]
[White "Patel, Saiyam"]
[Black "Marcelino, Daryl"]
[Result "0-1"]
[WhiteElo "871"]
[BlackElo "911"]
[PlyCount "68"]
[EventDate "2012.03.22"]
[EventType "swiss"]
[EventRounds "9"]
[EventCountry "CAN"]
[SourceTitle "EXT 2022"]
[Source "ChessBase"]
[SourceDate "2021.10.06"]
[SourceVersion "1"]
[SourceVersionDate "2021.10.06"]
[SourceQuality "1"]

1. e4 e5 2. Qf3 Nf6 3. Nc3 d6 4. Bc4 Bg4 5. Qd3 Be7 6. Nd5 Nxd5 7. Qb3 Be6 8. Qxb7 Nd7 9. exd5 Nc5 10. Qc6+ Bd7 11. Bb5 Bxc6 12. Bxc6+ Nd7 13. Bxa8 Qxa8 14. b4 0-0 15. d4 exd4 16. Nf3 Qxd5 17. Bb2 c5 18. Rd1 Qxa2 19. 0-0 Qxb2 20. Rd2 Rb8 21. Re1 Kf8 22. Rde2 Re8 23. Ng5 Nf6 24. Nf3 Bd8 25. Nd2 Rxe2 26. Rxe2 Qc1+ 27. Nf1 cxb4 28. g4 a5 29. Kg2 a4 30. g5 Qxg5+ 31. Ng3 b3 32. f4 Qxf4 33. Nf1 b2 34. Nd2 a3 0-1

[Event "Scarborough CC-ch Reserves U1400"]
[Site "Toronto"]
[Date "2012.04.12"]
[Round "4"]
[White "Feng, Richard"]
[Black "Marcelino, Daryl"]
[Result "1-0"]
[WhiteElo "1022"]
[BlackElo "911"]
[PlyCount "45"]
[EventDate "2012.03.22"]
[EventType "swiss"]
[EventRounds "9"]
[EventCountry "CAN"]
[SourceTitle "EXT 2022"]
[Source "ChessBase"]
[SourceDate "2021.10.06"]
[SourceVersion "1"]
[SourceVersionDate "2021.10.06"]
[SourceQuality "1"]

1. e4 e5 2. Nf3 Nc6 3. Bc4 Nf6 4. Ng5 d5 5. exd5 Nxd5 6. Nxf7 Kxf7 7. Qf3+ Ke6 8. Nc3 Ke7 9. Nxd5+ Ke8 10. Nb6 Qd4 11. Qf7+ Kd8 12. Nxa8 Bc5 13. Qxc7+ Ke8 14. Qxc8+ Nd8 15. Bb5+ Kf7 16. 0-0 Rf8 17. d3 Kg8 18. Be3 Qxb2 19. Qxc5 a6 20. Bc4+ Nf7 21. Rab1 Qxc2 22. Bxf7+ Rxf7 23. Qxc2 1-0

[Event "Scarborough CC Winter End U1400"]
[Site "Toronto"]
[Date "2012.03.01"]
[Round "3"]
[White "Roy, Harrison"]
[Black "Marcelino, Daryl"]
[Result "0-1"]
[WhiteElo "855"]
[BlackElo "973"]
[PlyCount "74"]
[EventDate "2012.02.16"]
[EventType "swiss"]
[EventRounds "5"]
[EventCountry "CAN"]
[SourceTitle "EXT 2022"]
[Source "ChessBase"]
[SourceDate "2021.10.06"]
[SourceVersion "1"]
[SourceVersionDate "2021.10.06"]
[SourceQuality "1"]

1. e4 d5 2. exd5 Qxd5 3. Nc3 Qa5 4. Nf3 e5 5. Be2 Nc6 6. d3 Bb4 7. Bd2 Be6 8. a3 Bxc3 9. Bxc3 Qd5 10. d4 e4 11. Ne5 Nxe5 12. dxe5 0-0-0 13. Qxd5 Rxd5 14. Bc4 Rd8 15. Bxe6+ fxe6 16. 0-0 Rd5 17. Rfd1 Ne7 18. Rxd5 Nxd5 19. Bb4 Nxb4 20. axb4 Rf8 21. Rxa7 Rf5 22. Ra5 b6 23. Rb5 Kb7 24. g4 Rg5 25. h3 c6 26. Rxb6+ Kxb6 27. Kg2 Rxe5 28. Kg3 e3 29. fxe3 Rxe3+ 30. Kg2 Kb5 31. c3 Re2+ 32. Kf3 Rxb2 33. Ke4 Re2+ 34. Kd4 e5+ 35. Kd3 Rh2 36. Ke4 Rxh3 37. Kxe5 Kc4 0-1